[Event "Heroes Day Masters"]
[Site "Bridgetown BAR"]
[Date "2011.04.28"]
[Round "1"]
[White "Denny,K"]
[Black "Zapata,Alo"]
[Result "0-1"]
[WhiteElo "2305"]
[BlackElo "2477"]

1.e4 c5 2.Nf3 d6 3.Bb5+ Nd7 4.d4 cxd4 5.Qxd4 e6 6.c4 Nf6 7.O-O Be7 8.Bxd7+ Bxd7
9.Nc3 Bc6 10.Bg5 h6 11.Be3 O-O 12.h3 a6 13.Rfd1 Rc8 14.Qd3 Qa5 15.Nd4 Bd7
16.Rac1 Rfe8 17.Nde2 b5 18.cxb5 axb5 19.a3 b4 20.axb4 Qxb4 21.Ra1 e5 22.Rd2 Bf8
23.Ra7 Be6 24.f3 Bc4 25.Qc2 d5 26.exd5 Bc5  0-1

[Event "43rd TCh-ITA 2011"]
[Site "Spoleto ITA"]
[Date "2011.04.28"]
[Round "2"]
[White "Bellini,F"]
[Black "Braga,F"]
[Result "1/2-1/2"]
[WhiteElo "2500"]
[BlackElo "2447"]

1.e4 c5 2.Nf3 d6 3.Bb5+ Nd7 4.d4 Nf6 5.O-O cxd4 6.Qxd4 e5 7.Qd3 h6 8.Nh4 a6
9.Bxd7+ Bxd7 10.Re1 Be7 11.Nc3 O-O 12.Nf5 Bxf5 13.exf5 Rc8 14.Bd2 Qc7 15.Rac1 Qc6
16.Qh3 Nh7 17.Qd3 Nf6 18.Qh3 Nh7 19.Rcd1 Rfd8 20.Be3 Bf6 21.Qg4 Kf8 22.Qb4 b5
23.Re2 Qc4 24.Qxc4 Rxc4 25.Red2 Be7 26.Nd5 Nf6 27.Nxf6 Bxf6 28.Rxd6 Rxd6
29.Rxd6 Rxc2 30.Rxa6 Rxb2 31.g3 h5 32.Bc5+ Ke8 33.a3 Rc2 34.Bb4 Kd7 35.Rd6+ Kc7
36.h4 e4 37.Rd5 Kc6 38.Rd6+ Kc7 39.Rd5 Kc6 40.Rd6+ Kc7 41.Rd5 Kc6  1/2-1/2

[Event "Nakhchivan Open"]
[Site "Nakhchivan AZE"]
[Date "2011.04.29"]
[Round "7"]
[White "Durarbeyli,V"]
[Black "Korobov,A"]
[Result "0-1"]
[WhiteElo "2510"]
[BlackElo "2647"]

1.e4 c5 2.Nf3 d6 3.Bb5+ Nc6 4.O-O Bg4 5.h3 Bh5 6.Re1 e6 7.c3 Nf6 8.d4 cxd4
9.cxd4 a6 10.Ba4 b5 11.Bb3 Bxf3 12.gxf3 Na5 13.Nc3 Be7 14.Bc2 O-O 15.f4 Rc8
16.a3 Nc4 17.e5 dxe5 18.fxe5 Nd5 19.Ne4 g6 20.Bd3 Qb6 21.Bf1 Rfd8 22.b3 Na5
23.Bb2 b4 24.Qf3 Nc6 25.axb4 Ndxb4 26.Nd6 Bxd6 27.exd6 Nxd4 28.Qf6 Rxd6 29.Kh1 Qd8
30.Qf4 Nbc2 31.Rec1 Nxb3 32.Bf6 e5 33.Bxe5 Nxc1 34.Rxc1 Re6 35.Bb2 Qb6 36.Rb1 Rce8
37.Qh6 Nd4 38.Qd2 Nf5 39.Qc3 Qc6+ 40.Bg2 Qxc3 41.Bxc3 Rd8 42.Bf1 Rc6 43.Be5 h5
44.Kg2 f6 45.Ba1 Rd2 46.Rb8+ Kg7 47.Rb7+ Kh6 48.Rb3 Rcc2  0-1

[Event "Sydney International Open"]
[Site "Sydney AUS"]
[Date "2011.04.29"]
[Round "6"]
[White "Deviatkin,A"]
[Black "Akshat,Kh"]
[Result "1/2-1/2"]
[WhiteElo "2566"]
[BlackElo "2328"]

1.e4 c5 2.Nf3 d6 3.Bb5+ Nc6 4.Bxc6+ bxc6 5.O-O e5 6.c3 Bg4 7.h3 Bxf3 8.Qxf3 Be7
9.Na3 Nf6 10.d3 O-O 11.Nc4 Ne8 12.b4 cxb4 13.cxb4 Nc7 14.Be3 Ne6 15.Rac1 Qd7
16.a3 Rfc8 17.Qg4 Rc7 18.Rc2 Bf6 19.Rfc1 d5 20.exd5 Qxd5 21.Qe4 Rd8 22.Na5 Qxd3
23.Qxd3 Rxd3 24.Rxc6 Bd8 25.a4 f6 26.Rxc7 Bxc7 27.Bxa7 Ra3 28.Nc6 Rxa4 29.b5 Bd6
30.b6 Nd4 31.Nxd4 exd4 32.Bb8 Bxb8 33.Rc8+ Kf7 34.Rxb8 Ra1+ 35.Kh2 d3 36.b7 Rb1
37.Rd8  1/2-1/2

[Event "TCh-ESP Selecciones Autonomicas"]
[Site "Gijon ESP"]
[Date "2011.04.30"]
[Round "3.4"]
[White "Arnedo Ruiz,A"]
[Black "Zamarbide Inarrea,D"]
[Result "1-0"]
[WhiteElo "2019"]
[BlackElo "2228"]

1.e4 c5 2.Nf3 d6 3.Bb5+ Nc6 4.O-O Bd7 5.Re1 Qc7 6.c3 a6 7.Bf1 e5 8.d4 Be7
9.a4 h6 10.Na3 Rb8 11.Nc4 a5 12.d5 Nd8 13.Nfxe5 dxe5 14.d6 Bxd6 15.Nxd6+ Ke7
16.Nc4 Be6 17.Ne3 g6 18.Bc4 Bxc4 19.Nxc4 Ne6 20.Qd5 f6 21.Ne3 Kf7 22.Qc4 Ne7
23.f4 exf4 24.Nd5 Qc6 25.Bxf4 Rbd8 26.Rad1 Qa6 27.Qxa6 bxa6 28.Bg3 Rhe8 29.Rf1 Nxd5
30.exd5 Ng5 31.Bc7 Rd7 32.Bxa5 c4 33.Rd4 Re2 34.Rxc4 Rxd5 35.Rc7+ Ke8 36.Rc8+ Kf7
37.Rc7+ Kg8 38.Rc8+ Kg7 39.Bd8 Ne4 40.Rc7+ Kg8 41.Bxf6 Nxf6 42.Rxf6 Rd1+
43.Rf1 Rdd2 44.Rc8+  1-0

[Event "Ostravsky Konik A"]
[Site "Ostrava CZE"]
[Date "2011.04.30"]
[Round "1.41"]
[White "Hladik,O"]
[Black "Kubik,M"]
[Result "1-0"]
[WhiteElo "2191"]
[BlackElo "1915"]

1.e4 c5 2.Nf3 d6 3.Bb5+ Bd7 4.Bxd7+ Qxd7 5.O-O Nc6 6.c3 g6 7.d4 cxd4 8.cxd4 Bg7
9.Nc3 e6 10.d5 Ne5 11.Bf4 Nxf3+ 12.Qxf3 e5 13.Bg5 h6 14.Be3 Ne7 15.Qe2 g5
16.Rac1 O-O 17.Qb5 Qg4 18.Qxb7 Ng6 19.f3 Qh5 20.Qd7 Nh4 21.Ne2 Rad8 22.Qg4 Qg6
23.Ng3 f5 24.Nxf5 Nxf5 25.exf5 Rxf5 26.Qe4 h5 27.h3 Qf7 28.g4 hxg4 29.hxg4 Rf4
30.Bxf4 exf4 31.b3 Re8 32.Qd3 Be5 33.Kg2 Qg7 34.Qf5  1-0

[Event "Ostravsky Konik A"]
[Site "Ostrava CZE"]
[Date "2011.04.30"]
[Round "1.8"]
[White "Kolar,St"]
[Black "Matuszewski,Mi"]
[Result "0-1"]
[WhiteElo "2095"]
[BlackElo "2384"]

1.e4 c5 2.Nf3 d6 3.Bb5+ Nd7 4.Nc3 a6 5.Be2 g6 6.O-O Bg7 7.d4 b5 8.Be3 Bb7
9.h3 b4 10.Nd5 e6 11.Nf4 cxd4 12.Nxd4 Nc5 13.Nd3 Nxe4 14.Nxb4 Ne7 15.c3 O-O
16.Bf3 Qc7 17.Re1 e5 18.Ne2 a5 19.Nc2 f5 20.Bxe4 fxe4 21.Qd2 d5 22.Rad1 Nf5
23.Ng3 Nd6 24.Na3 Rad8 25.h4 Qc6 26.Bg5 Rd7 27.b3 Rdf7 28.Rf1 d4 29.cxd4 exd4
30.Nc2 Nb5 31.h5 h6 32.hxg6 Qxg6 33.Bh4 Qg4 34.Qxa5 Qxh4 35.Qxb5 e3 36.Qc4 exf2+
37.Rxf2 Qxg3 38.Rdf1 Kh8 39.Qe2 d3 40.Qe3 Qxe3 41.Nxe3 Rxf2  0-1

[Event "43rd TCh-ITA 2011"]
[Site "Spoleto ITA"]
[Date "2011.04.30"]
[Round "6"]
[White "Vezzosi,P"]
[Black "Shytaj,L"]
[Result "1/2-1/2"]
[WhiteElo "2370"]
[BlackElo "2475"]

1.e4 c5 2.Nf3 d6 3.Bb5+ Nd7 4.d4 cxd4 5.Qxd4 a6 6.Bxd7+ Bxd7 7.O-O Bg4 8.Nbd2 Nf6
9.h3 Bh5 10.c4 e6 11.b3 Be7 12.Bb2 O-O 13.Rfe1 Rc8 14.Rac1 Qa5 15.Bc3 Qc7
16.Qe3 Rfe8 17.Nf1 Qb8 18.Ng3 Bxf3 19.Qxf3 b5 20.e5 dxe5 21.Bxe5 Qb6 22.Ne4 Nd7
23.Ba1 f5 24.Qg3 e5 25.Nc3 bxc4 26.Nd5 Qg6 27.Nxe7+ Rxe7 28.Qh4 Qf6 29.Rxc4 Qxh4
30.Rxh4 f4 31.Rxf4 exf4 32.Rxe7 Rc1+  1/2-1/2

[Event "Sydney International Open"]
[Site "Sydney AUS"]
[Date "2011.04.30"]
[Round "7"]
[White "Bojkov,D"]
[Black "Johansen,D"]
[Result "1-0"]
[WhiteElo "2523"]
[BlackElo "2419"]

1.e4 c5 2.Nf3 d6 3.Bb5+ Bd7 4.Bxd7+ Qxd7 5.c4 Nc6 6.d4 cxd4 7.Nxd4 Nf6 8.Nc3 g6
9.f3 Bg7 10.Be3 O-O 11.O-O a6 12.a4 Rfc8 13.b3 e6 14.Rc1 Ne5 15.Nde2 Qc7
16.Kh1 Rd8 17.Qd2 Ned7 18.Rfd1 Nc5 19.Rb1 Rac8 20.Bg5 b6 21.Qf4 Qe7 22.Rd2 Rc7
23.Qh4 Rcc8 24.Nd4 Ncd7 25.Rbd1 Qf8 26.Nde2 h6 27.Be3 Ne8 28.f4 Nc5 29.b4 Bf6
30.Qf2 Nd7 31.e5 Be7 32.exd6 Bxd6 33.Ne4 Bxb4 34.Rxd7 Rxd7 35.Rxd7 Rxc4 36.Bd4 b5
37.axb5 axb5 38.Qh4 e5 39.fxe5 Rc2 40.Ng1  1-0

[Event "Thessaloniki Open A"]
[Site "Thessaloniki GRE"]
[Date "2011.04.30"]
[Round "8.5"]
[White "Spirliadis,A"]
[Black "Ivanov,Jo"]
[Result "0-1"]
[WhiteElo "2050"]
[BlackElo "2465"]

1.e4 c5 2.Nf3 d6 3.Bb5+ Nd7 4.c3 Nf6 5.Qe2 a6 6.Ba4 b5 7.Bc2 e5 8.O-O Be7
9.d4 O-O 10.Rd1 Qc7 11.dxe5 dxe5 12.Nbd2 Bb7 13.Nf1 Rfe8 14.Bg5 Rad8 15.Ne3 h6
16.Bh4 g6 17.a4 c4 18.axb5 axb5 19.Bg3 Nxe4 20.Nd5 Bxd5 21.Rxd5 Nxg3 22.hxg3 Bc5
23.Qd2 Nf6 24.Rxd8 Rxd8 25.Qxh6 Bxf2+ 26.Kf1 Bb6 27.Bxg6 fxg6 28.Qxg6+ Qg7
29.Nxe5 Qxg6 30.Nxg6 Rd2 31.Ra8+ Kf7 32.Ne5+ Ke6 33.Nf3 Rxb2 34.Ra6 Nd5 35.g4 Ke7  0-1

[Event "Ostravsky Konik A"]
[Site "Ostrava CZE"]
[Date "2011.05.02"]
[Round "3.13"]
[White "Cempel,J"]
[Black "Obrusnik,M"]
[Result "0-1"]
[WhiteElo "2290"]
[BlackElo "2192"]

1.e4 c5 2.Nf3 d6 3.Bb5+ Bd7 4.Bxd7+ Qxd7 5.O-O Nf6 6.Re1 Nc6 7.c3 e6 8.d4 cxd4
9.cxd4 d5 10.exd5 Nxd5 11.Nc3 Be7 12.Qb3 Nxc3 13.bxc3 Na5 14.Qc2 O-O 15.Bf4 Rac8
16.Rad1 Rfd8 17.Ne5 Qe8 18.Re3 f6 19.Nf3 Bd6 20.Bxd6 Rxd6 21.Rde1 Qc6 22.Qe2 Qd5
23.h3 Kf7  0-1

[Event "ch-UKR semi-final"]
[Site "Alushta UKR"]
[Date "2011.05.03"]
[Round "1.60"]
[White "Jarovinsky,A"]
[Black "Kazakov,Maksym"]
[Result "1-0"]
[WhiteElo "2309"]
[BlackElo "1931"]

1.e4 c5 2.Nf3 d6 3.Bb5+ Bd7 4.Bxd7+ Qxd7 5.O-O Nc6 6.c3 Nf6 7.Re1 e6 8.d3 Be7
9.Nbd2 O-O 10.Nf1 b5 11.Ng3 a5 12.d4 Rfd8 13.d5 Ne5 14.dxe6 Nxf3+ 15.Qxf3 Qxe6
16.Nf5 d5 17.e5 Nd7 18.Qg4 Bf8 19.Nh6+ Kh8 20.Qxe6 fxe6 21.Nf7+ Kg8 22.Nxd8 Rxd8
23.Be3 c4 24.b3 Rc8 25.Bd4 Bc5 26.bxc4 Bxd4 27.cxd4 dxc4 28.a3 b4 29.axb4 axb4
30.Ra4 b3 31.Rb4 Rc6 32.d5 exd5 33.e6 Rxe6 34.Rxe6 Nc5 35.Re5 Na4 36.Rxa4 b2
37.Rb4 c3 38.Rxb2 cxb2 39.Re8+ Kf7 40.Rb8  1-0

[Event "29th Metz Open A"]
[Site "Longeville-les-Metz FRA"]
[Date "2011.05.03"]
[Round "3.8"]
[White "Svetushkin,D"]
[Black "Aguettaz,M"]
[Result "1-0"]
[WhiteElo "2561"]
[BlackElo "2417"]

1.e4 c5 2.Nf3 d6 3.Bb5+ Nd7 4.c3 Nf6 5.Qe2 a6 6.Ba4 e6 7.O-O Be7 8.d4 b5
9.Bc2 Bb7 10.Nbd2 cxd4 11.cxd4 O-O 12.b3 e5 13.Bb2 Rc8 14.Rac1 Re8 15.d5 Bf8
16.Ne1 g6 17.Rd1 Bh6 18.Bb1 Nc5 19.g3 Qd7 20.Kg2 Rc7 21.h3 Nh5 22.Ndf3 a5
23.Nd3 Nxe4 24.Qxe4 f5 25.Qe2 e4 26.Nd4 exd3 27.Qxd3 Bxd5+ 28.Kh2 Rc5 29.b4 Bc4
30.bxc5 Bxd3 31.c6 Qd8 32.Bxd3 Bg7 33.c7 Qxc7 34.Nxb5 Qb8 35.Bc4+ d5 36.Rxd5 Bxb2
37.Rd8+ Kg7 38.Rxb8 Rxb8 39.Rd1 Nf6 40.Rd6 Rc8 41.Bb3 Be5 42.Ra6 f4 43.gxf4 Bxf4+
44.Kg2 Bd2 45.Ra7+ Kh6 46.Nd6 Rc5 47.Nf7+ Kg7 48.h4 Bc3 49.f3 Bd2 50.Ne5+ Kh6
51.Ng4+ Nxg4 52.fxg4 g5 53.h5 Bf4 54.Kf3 Bc7 55.Ra6+ Kg7 56.h6+ Kf8 57.Ra8+ Ke7
58.Rh8 Kf6 59.Re8 Rc6 60.Bd5 Rd6 61.Ke4 Kg6 62.Re7 Bd8 63.Ra7 Kxh6 64.Ke5 Rb6
65.Be4 Bf6+ 66.Kd5 Bg7 67.Rxa5 Bf6 68.Ra7 Bg7 69.a4 Rf6 70.a5 Rf1 71.Bd3 Rf6
72.Bf5  1-0

[Event "Ostravsky Konik A"]
[Site "Ostrava CZE"]
[Date "2011.05.03"]
[Round "4.3"]
[White "Olsarova,K"]
[Black "Mirumian,V"]
[Result "0-1"]
[WhiteElo "2235"]
[BlackElo "2513"]

1.e4 c5 2.Nf3 d6 3.Bb5+ Nc6 4.Bxc6+ bxc6 5.O-O Bg4 6.c3 Nf6 7.Re1 e6 8.d4 cxd4
9.cxd4 Be7 10.Nbd2 O-O 11.b3 d5 12.e5 Nd7 13.a4 Bb4 14.h3 Bh5 15.g4 Bg6 16.Ba3 Bxa3
17.Rxa3 c5 18.Nf1 Rc8 19.dxc5 Nxc5 20.b4 Ne4 21.Qd4 Rc4 22.Qxa7 Rxb4 23.N1d2 h5
24.Rb3 Nxd2 25.Nxd2 Rxb3 26.Nxb3 hxg4 27.hxg4 Qh4 28.Qd4 Be4 29.Rxe4 dxe4
30.Qxe4 Rc8 31.a5 Qh3 32.Qa4 Rc3  0-1

[Event "7th Mukachevo Rating"]
[Site "Mukachevo UKR"]
[Date "2011.05.06"]
[Round "3"]
[White "Yarmysty,M"]
[Black "Tiba,V"]
[Result "1-0"]
[WhiteElo "2312"]
[BlackElo "2164"]

1.e4 c5 2.Nf3 d6 3.Bb5+ Bd7 4.Bxd7+ Qxd7 5.O-O Nc6 6.c3 Nf6 7.d4 cxd4 8.cxd4 d5
9.e5 Ne4 10.Ne1 h6 11.Be3 e6 12.f3 Ng5 13.Nc3 Be7 14.Nd3 O-O 15.h4 Nh7 16.h5 f5
17.Ne2 b6 18.Qd2 Rac8 19.Rac1 Na5 20.b3 Ba3 21.Rxc8 Rxc8 22.Nef4 Nf8 23.g4 fxg4
24.fxg4 Qc7 25.Qg2 Qc2 26.Rf2 Qb1+ 27.Kh2 Be7 28.Rb2 Qd1 29.Rd2 Qb1 30.Ng6 Nxg6
31.hxg6 Rf8 32.g5 h5 33.Qh3 Rf1 34.Qxe6+ Kh8 35.Qxe7 Rh1+ 36.Kg3 Rg1+ 37.Bxg1 Qxg1+
38.Rg2 h4+ 39.Kxh4  1-0

[Event "Ostravsky Konik A"]
[Site "Ostrava CZE"]
[Date "2011.05.06"]
[Round "7.26"]
[White "Hladik,O"]
[Black "Ling,B"]
[Result "1-0"]
[WhiteElo "2191"]
[BlackElo "2010"]

1.e4 c5 2.Nf3 d6 3.Bb5+ Bd7 4.Bxd7+ Nxd7 5.O-O Ngf6 6.Re1 e6 7.c4 Be7 8.d4 cxd4
9.Nxd4 a6 10.Nc3 O-O 11.b3 Qc7 12.Bb2 Rac8 13.Rc1 b6 14.f4 Rfe8 15.Kh1 Qc5
16.h3 Qh5 17.e5 dxe5 18.fxe5 Qxd1 19.Rcxd1 Nh5 20.Nxe6 Bh4 21.Re3 Nxe5 22.Rxe5 Ng3+
23.Kh2 Rxe6 24.Nd5 b5 25.Rd4 Rxe5 26.Rxh4 Nf1+ 27.Kg1 Rxd5 28.cxd5 Ne3 29.d6 f5
30.Rd4 Rd8 31.d7 Kf7 32.Bc1 Nc2 33.Rd6 h6 34.Bb2 f4 35.Kf2 Ne3 36.Bc1 Nf5
37.Rxa6 Rxd7 38.Bxf4 g5 39.Be5 Rd5 40.Rf6+ Ke7 41.Rxf5 Ke6 42.g4 Rxe5 43.Rxe5+ Kxe5
44.a4  1-0

[Event "TCh-POL Ekstraliga"]
[Site "Wroclaw POL"]
[Date "2011.05.06"]
[Round "1.3"]
[White "Stoma,P"]
[Black "Dziuba,M"]
[Result "0-1"]
[WhiteElo "2326"]
[BlackElo "2593"]

1.e4 c5 2.Nf3 d6 3.Bb5+ Nc6 4.O-O Bd7 5.Re1 Nf6 6.Bxc6 Bxc6 7.e5 dxe5 8.Nxe5 Qd5
9.Nxc6 Qxc6 10.Na3 e6 11.Nc4 Bd6 12.Nxd6+ Qxd6 13.Qf3 Qd5 14.Qg3 O-O-O 15.d3 h6
16.Bd2 Qc6 17.a3 Rd4 18.f3 Nh5 19.Qh3 Rd5 20.c4 Rxd3 21.Qxh5 Rxd2 22.Qxf7 Qe8
23.Qxe6+ Qxe6 24.Rxe6 Rxb2 25.Rg6 Rg8 26.Re1 Rc2 27.Re4 Rd8 28.h4 Rd7 29.Reg4 h5
30.Re4 Rc3 31.Rg5 b6 32.Rxh5 Rxa3 33.Rg5 a5 34.Re8+ Kb7 35.Rg8 a4 36.R5xg7 Rd3
37.Rd8 Rxg7 38.Rxd3 b5 39.Ra3 Kb6 40.g4 b4 41.Ra2 b3  0-1

[Event "ch-UKR semi-final"]
[Site "Alushta UKR"]
[Date "2011.05.07"]
[Round "5.43"]
[White "Ivanov,AndA"]
[Black "Savvopulo,A"]
[Result "1-0"]
[WhiteElo "2269"]
[BlackElo "2116"]

1.e4 c5 2.Nf3 d6 3.Bb5+ Bd7 4.Bxd7+ Qxd7 5.O-O Nc6 6.c3 Nf6 7.Re1 e5 8.d4 Be7
9.Bg5 h6 10.Bxf6 Bxf6 11.dxc5 dxc5 12.Nbd2 O-O 13.Nc4 Rfd8 14.Qxd7 Rxd7 15.Rad1 Rad8
16.Rxd7 Rxd7 17.Kf1 g5 18.Ne3 h5 19.h3 Bd8 20.Ke2 f6 21.Rd1 Rxd1 22.Kxd1 Kf7
23.Nd2 Ke6 24.Ndf1 h4 25.Nf5 c4 26.g3 hxg3 27.fxg3 Bb6 28.h4 Ne7 29.Nxe7 Kxe7
30.h5 g4 31.Nh2 Bf2 32.Nxg4 Bxg3 33.Ne3 Bf4 34.Nd5+ Kf7 35.Nxf4 exf4 36.Ke2 b5
37.Kf3 a5 38.Kxf4 b4 39.e5 a4 40.a3 bxa3 41.bxa3 Ke6 42.exf6 Kxf6 43.Ke4  1-0

[Event "ch-UKR semi-final"]
[Site "Alushta UKR"]
[Date "2011.05.07"]
[Round "5.70"]
[White "Kuchin,P"]
[Black "Kazakov,Maksym"]
[Result "1-0"]
[WhiteElo "1980"]
[BlackElo "1931"]

1.e4 c5 2.Nf3 d6 3.Bb5+ Bd7 4.a4 Nf6 5.d3 Nc6 6.O-O g6 7.c3 Bg7 8.Re1 O-O
9.Nbd2 Rb8 10.Nf1 a6 11.Bxc6 Bxc6 12.Ng3 b5 13.axb5 axb5 14.d4 Ra8 15.Rb1 b4
16.Qe2 Qb6 17.d5 Bd7 18.Bg5 h6 19.Bf4 g5 20.Bd2 Bg4 21.h3 Bxf3 22.Qxf3 e6
23.cxb4 cxb4 24.Be3 Qb7 25.Bd4 Nd7 26.Bxg7 Kxg7 27.Qb3 Nc5 28.Qe3 Qe7 29.Qd4+ Kg6
30.Re3 Qf6 31.e5 Qf4 32.Ne4 Nxe4 33.Rxe4 dxe5 34.Qd3 Qf5 35.g4 Qf6 36.Rf4+ Kg7
37.Rxf6 Kxf6 38.d6 Rfd8 39.Rd1 Ra5 40.Qf3+ Kg7 41.Qb7 Rd5 42.Rxd5 exd5 43.Qxd5 Kf6
44.Kf1 Rd7 45.Ke2 Rd8 46.b3 Rd7 47.Kd3 e4+ 48.Kxe4 Rd8 49.Qe5+ Kg6 50.Qe7 f5+
51.gxf5+ Kh5 52.Qxd8  1-0

[Event "ch-Asian Individual"]
[Site "Mashhad IRI"]
[Date "2011.05.07"]
[Round "6.23"]
[White "Hussein,AH"]
[Black "Gao Rui"]
[Result "0-1"]
[WhiteElo "2394"]
[BlackElo "2419"]

1.e4 c5 2.Nf3 d6 3.Bb5+ Nc6 4.O-O Bd7 5.Re1 Nf6 6.c3 a6 7.Bf1 Bg4 8.d3 e6
9.a3 d5 10.Nbd2 Be7 11.b4 O-O 12.bxc5 Bxc5 13.e5 Nd7 14.d4 Be7 15.Bd3 Bh5
16.Rb1 Rb8 17.a4 Bg6 18.Bxg6 hxg6 19.c4 Nb6 20.c5 Nd7 21.Qc2 b6 22.cxb6 Rxb6
23.Rb3 Na5 24.Rxb6 Nxb6 25.Qd3 Nbc4 26.Nxc4 Nxc4 27.Bd2 Qd7 28.Qb3 Qa7 29.Bg5 Rb8
30.Qd3 Rb2 31.h4 Qb7 32.Bxe7 Qxe7 33.Rb1 Qb4 34.Rxb2 Qxb2 35.Ng5 Qc1+ 36.Kh2 Qf4+
37.Kg1 Qxh4 38.Nf3 Qf4 39.g3 Qc1+ 40.Kg2 Qa3 41.Qd1 Qa2 42.Qc1 Qxa4 43.Ng5 Qb4
44.Qf4 Qe7 45.Qh4 Qe8 46.Qh7+ Kf8 47.Qh8+ Ke7 48.Qxg7 a5 49.Qf6+ Kd7 50.Nxf7 a4
51.Nh6 a3 52.Qg7+ Qe7 53.Qh8 Qe8 54.Qg7+ Qe7 55.Qh8 Kc6 56.Qc8+ Kb5  0-1

[Event "Ostravsky Konik A"]
[Site "Ostrava CZE"]
[Date "2011.05.07"]
[Round "8.18"]
[White "Olsarova,K"]
[Black "Vesely,Ma"]
[Result "0-1"]
[WhiteElo "2235"]
[BlackElo "2177"]

1.e4 c5 2.Nf3 d6 3.Bb5+ Bd7 4.Bxd7+ Qxd7 5.c4 Nf6 6.Nc3 g6 7.d4 cxd4 8.Nxd4 Bg7
9.f3 Nc6 10.Be3 O-O 11.O-O Nxd4 12.Bxd4 Rfd8 13.Qd2 Ne8 14.Bxg7 Nxg7 15.Rad1 Qc6
16.b3 e6 17.Kh1 a6 18.e5 dxe5 19.Qxd8+ Rxd8 20.Rxd8+ Ne8 21.Rfd1 Kg7 22.Ne4 Nf6
23.Nd6 h5 24.Rb8 e4 25.Rc8 Qb6 26.Nxe4 Nxe4 27.fxe4 Qe3 28.Rc7 Qe2 29.Ra1 h4
30.h3 b6 31.Rd7 g5 32.Kg1 Kg6 33.Rf1 f6 34.Rdd1 Qxe4 35.Rfe1 Qc6 36.Re2 Qc5+
37.Kh1 e5 38.Rd5 Qe7 39.Re4 Qa3 40.Re1 Qxa2 41.Rf1 Qe2 42.Kg1 Qe3+ 43.Kh1 Qe2
44.Kg1 Qb2 45.Rd6 e4 46.Kh1 e3 47.Re6 e2 48.Re1 Qxb3 49.Re4 Kf5 50.R4xe2 Qxc4
51.Rf2+ Kg6 52.Ref1 Qd4 53.Ra2 Qc4 54.Raf2 Qc3 55.Ra2 a5 56.Rb1 b5 57.Rba1 a4
58.Ra3 Qb2 59.R3a2 Qb3 60.Ra3 Qb4 61.Re3 Qc4 62.Rea3 Qc6 63.R3a2 Qc5 64.Ra3 f5
65.Rd3 f4 66.Rda3 Kf6 67.Rf3 Ke5 68.Rd3 Ke4 69.Rda3 Kd5 70.Rd3+ Kc6 71.Rd8 Kb6
72.Rd3 Ka5 73.Rda3 Qc6 74.Rd3 b4 75.Rad1 a3 76.Rd7 b3 77.R7d3 Qc2  0-1

[Event "FSIM May"]
[Site "Budapest HUN"]
[Date "2011.05.08"]
[Round "2.3"]
[White "Farago,S"]
[Black "Szalanczy,E"]
[Result "1-0"]
[WhiteElo "2281"]
[BlackElo "2276"]

1.e4 c5 2.Nf3 d6 3.Bb5+ Bd7 4.Bxd7+ Qxd7 5.c4 g6 6.O-O Bg7 7.d4 Nc6 8.dxc5 dxc5
9.Qxd7+ Kxd7 10.Nc3 Bxc3 11.bxc3 Nf6 12.e5 Ne4 13.Re1 f5 14.exf6 Nxf6 15.Bg5 h6
16.Rad1+ Kc8 17.Bxf6 exf6 18.Rd5 Kc7 19.Re6 Rae8 20.Rxf6 Re2 21.Rxc5 Rxa2
22.g4 Kb8 23.Rb5 a6 24.Rb1 Ka7 25.Rf7 Rb8 26.Nd4 Nxd4 27.cxd4 a5 28.c5 Ra4
29.Rb5 Ka6 30.Rb6+ Ka7 31.Rd6 Rb4 32.c6 Rc8 33.d5 Kb8 34.Rxg6 bxc6 35.dxc6 a4
36.Rf5 Ka7 37.Rg7+ Ka6 38.c7 Rc4 39.Rg6+ Kb7 40.h3 R8xc7 41.Rxh6 R7c6 42.Rb5+ Ka6
43.Rhh5 Rd6 44.Kg2 Rd3 45.Ra5+ Kb6 46.Rhb5+ Kc6 47.Rb8 Rf4 48.Rb2 a3 49.Ra2 Rff3
50.h4 Kb6 51.Rg5 Rb3 52.Rg8 Kb7 53.Re2 Rf4 54.Re7+ Kc6 55.Rg6+ Kd5 56.Ra7 Kc5
57.Rc7+ Kd5 58.Ra7 Kc5 59.h5 Rbf3 60.h6 Rxf2+ 61.Kg3 a2 62.Rga6 R4f3+ 63.Kh4 Rh2+
64.Kg5 Rfh3 65.Ra5+ Kb4 66.Ra4+ Kb3 67.Ra3+ Kb4 68.Rxh3  1-0

[Event "ch-Asian Individual"]
[Site "Mashhad IRI"]
[Date "2011.05.08"]
[Round "7.16"]
[White "Wang Chen"]
[Black "Hou Yifan"]
[Result "1/2-1/2"]
[WhiteElo "2436"]
[BlackElo "2612"]

1.e4 c5 2.Nf3 d6 3.Bb5+ Bd7 4.Bxd7+ Qxd7 5.O-O Nf6 6.Re1 Nc6 7.b3 g6 8.Bb2 Bg7
9.c3 O-O 10.d4 cxd4 11.cxd4 d5 12.e5 Ne4 13.Nc3 f5 14.exf6 Nxc3 15.Bxc3 exf6
16.Qd3 Rae8 17.Rxe8 Rxe8 18.Re1 a6 19.Kf1 Kf7 20.Re3 Rxe3 21.fxe3 Bh6 22.Kf2 Qe6
23.Bd2 Qe4 24.Ke2 Bf8 25.Be1 Qg4 26.Kf1 Bd6 27.h3 Qe6 28.Ke2 Ne7 29.a4 Nf5
30.g4 Ne7 31.Kd1 h5 32.gxh5 Qxh3 33.hxg6+ Nxg6 34.Qe2 Qf5 35.Nd2 Bb4 36.e4 Qh3
37.exd5  1/2-1/2

[Event "41st Bosna Open"]
[Site "Sarajevo BIH"]
[Date "2011.05.08"]
[Round "5.25"]
[White "Orehek,S"]
[Black "Kadric,D"]
[Result "0-1"]
[WhiteElo "2017"]
[BlackElo "2376"]

1.e4 c5 2.Nf3 d6 3.Bb5+ Nd7 4.d4 Nf6 5.Nc3 a6 6.Bxd7+ Nxd7 7.O-O e6 8.dxc5 Nxc5
9.Bg5 Qc7 10.a4 h6 11.Be3 b6 12.Re1 Be7 13.Nd4 Bb7 14.Qg4 Bf6 15.Rad1 h5
16.Qh3 O-O 17.f3 g6 18.b4 Nd7 19.Nce2 Rfe8 20.c3 Nf8 21.Rd3 d5 22.exd5 Bxd5
23.Qg3 Qe7 24.Qf2 Nd7 25.Nf4 Bb7 26.Nc2 Ne5 27.Rdd1 Bh4 28.Qe2 Bxe1 29.Rxe1 Qc7
30.Bd4 Nc6 31.Nd5 Nxd4 32.Nxc7 Nxe2+ 33.Rxe2 Rec8 34.Nxa8 Bxa8 35.Re3 Bc6
36.a5 Ba4 37.Na3 bxa5 38.bxa5 Rc5 39.Re4 Rxa5 40.Nc4 Rc5 41.Nb6 Bb3 42.Re3 a5
43.c4 a4 44.Rc3 Ra5  0-1

[Event "ch-UKR semi-final"]
[Site "Alushta UKR"]
[Date "2011.05.09"]
[Round "7.3"]
[White "Dolzhikova,K"]
[Black "Bogdanovich,S"]
[Result "1/2-1/2"]
[WhiteElo "2279"]
[BlackElo "2503"]

1.e4 c5 2.Nf3 d6 3.Bb5+ Bd7 4.Bxd7+ Qxd7 5.c4 Qg4 6.O-O Qxe4 7.d4 Qg4 8.dxc5 dxc5
9.Nc3 Nc6 10.Nb5 Rc8 11.Re1 e6 12.Qa4 f6 13.h3 Qf5 14.Nh4 Qh5 15.Rxe6+ Kf7
16.Re4 a6 17.Na7 Nxa7 18.Qd7+ Ne7 19.Qe6+ Ke8 20.Nf5 Qd1+  1/2-1/2

[Event "FSFMA May"]
[Site "Budapest HUN"]
[Date "2011.05.10"]
[Round "4.5"]
[White "Juracsik,J"]
[Black "Chen Yang"]
[Result "1/2-1/2"]
[WhiteElo "2133"]
[BlackElo "2081"]

1.e4 c5 2.Nf3 d6 3.Bb5+ Bd7 4.a4 Nf6 5.Nc3 a6 6.Bxd7+ Nfxd7 7.Ng5 g6 8.f4 Bg7
9.O-O Nc6 10.d3 h6 11.Nh3 Nf6 12.Bd2 Qd7 13.Nf2 e6 14.a5 Qd8 15.Ne2 b5 16.axb6 Qxb6
17.b3 h5 18.Bc3 Nd4 19.Nxd4 cxd4 20.Ba5 Qc5 21.Bd2 Nd7 22.Ra5 Qb6 23.h3 Ke7
24.Qa1 Rhc8 25.Ra2  1/2-1/2

[Event "Sten Open"]
[Site "Hradec Kralove CZE"]
[Date "2011.05.10"]
[Round "3"]
[White "Vojtech,J"]
[Black "Jedlicka,A"]
[Result "0-1"]
[WhiteElo "2113"]
[BlackElo "2288"]

1.e4 c5 2.Nf3 d6 3.Bb5+ Bd7 4.Bxd7+ Qxd7 5.O-O Nc6 6.d4 cxd4 7.Nxd4 Nf6 8.Nc3 g6
9.Bg5 Bg7 10.Nxc6 bxc6 11.Qd2 Rb8 12.Rab1 O-O 13.Bh6 Bxh6 14.Qxh6 Ng4 15.Qh3 f5
16.b3 Rb7 17.exf5 gxf5 18.Rbd1 Rf6 19.Rfe1 Qd8 20.Qf3 Qb6 21.h3 Ne5 22.Qe3 f4
23.Qxb6 axb6 24.a4 Rb8 25.f3 Kf7 26.Rd4 Nd7 27.Red1 d5 28.Ne4 Rg6 29.Nf2 e5
30.R4d2 Rbg8 31.Nd3 Rg5 32.Re1 Rc8 33.c4 Kf6 34.Nf2 Ke6 35.Red1 Nf6 36.Ng4 Nxg4
37.hxg4 d4 38.Kf2 h5 39.gxh5 Rcg8 40.Kg1 Rxh5 41.b4 Kd6 42.Ra1 Rgh8 43.Rda2 Rh1+
44.Kf2 Kc7 45.a5 Rxa1 46.Rxa1 bxa5 47.Rxa5 Kd6 48.Ra6 Kc7 49.Ra7+ Kd6 50.Ra6 Rb8
51.b5 Rc8 52.Ke2 Kc5 53.bxc6 Rxc6 54.Ra5+ Kxc4 55.Rxe5 Rg6 56.Kf2 d3 57.Re8 Rg5
58.Rc8+ Kd4 59.Rd8+ Rd5 60.Rc8 Rc5 61.Rd8+ Kc3 62.g3 fxg3+ 63.Kxg3 d2 64.Kg4 Rc4+  0-1

[Event "ch-Asian Individual"]
[Site "Mashhad IRI"]
[Date "2011.05.10"]
[Round "9.17"]
[White "Wang Chen"]
[Black "Noroozi,O"]
[Result "1-0"]
[WhiteElo "2436"]
[BlackElo "2340"]

1.e4 c5 2.Nf3 d6 3.Bb5+ Nd7 4.O-O a6 5.Bxd7+ Bxd7 6.Re1 Nf6 7.c3 Bc6 8.d4 Bxe4
9.Bg5 Bd5 10.Nbd2 e6 11.c4 Bxf3 12.Qxf3 cxd4 13.Bxf6 gxf6 14.Qxb7 Qc8 15.Qd5 Rg8
16.Qxd4 f5 17.g3 Qc6 18.Rab1 Be7 19.b4 Kd7 20.b5 axb5 21.cxb5 Qd5 22.Qxd5 exd5
23.Nf3 Rxa2 24.Rbd1 Rc8 25.Rxd5 Rc5 26.Ne5+ Kc7 27.b6+ Kb7 28.Rxc5 dxc5 29.Nxf7 Bf8
30.Re8 Bg7 31.Re6 Bd4 32.Nd8+ Kc8 33.b7+ Kb8 34.Rc6  1-0

[Event "ch-UKR semi-final"]
[Site "Alushta UKR"]
[Date "2011.05.11"]
[Round "9.61"]
[White "Varchenko,G"]
[Black "Belous,Mikhail"]
[Result "0-1"]
[WhiteElo "2128"]
[BlackElo "1976"]

1.e4 c5 2.Nf3 d6 3.Bb5+ Bd7 4.Bxd7+ Qxd7 5.c4 Nc6 6.O-O Nf6 7.Nc3 e6 8.d4 cxd4
9.Nxd4 a6 10.f4 Be7 11.Kh1 O-O 12.Be3 Rac8 13.b3 Rfd8 14.Qf3 Nxd4 15.Bxd4 b5
16.cxb5 axb5 17.e5 dxe5 18.Bxe5 b4 19.Ne4 Nxe4 20.Qxe4 Qd5 21.Qe2 Qd3 22.Qg4 Qg6
23.Qf3 Rc2 24.Rf2 f6 25.Bb2 Rd3 26.Qa8+ Rd8 27.Qf3 Rdc8 28.Raf1 Rxf2 29.Rxf2 Qb1+
30.Rf1 Qxb2 31.Qe4 Rc1 32.Qxe6+ Kf8  0-1

[Event "46th Capablanca Memorial Open B"]
[Site "Havana CUB"]
[Date "2011.05.11"]
[Round "1.12"]
[White "Gabriel,Ca"]
[Black "Aguilera Rodriguez,Alfredo R."]
[Result "0-1"]
[WhiteElo "2214"]
[BlackElo "2242"]

1.e4 c5 2.Nf3 d6 3.Bb5+ Bd7 4.Bxd7+ Qxd7 5.O-O Nc6 6.d4 cxd4 7.Nxd4 Nf6 8.f3 g6
9.c4 Bg7 10.Be3 O-O 11.Nc3 Rfc8 12.b3 a6 13.Nde2 Rab8 14.Na4 b5 15.Nb6 Qa7
16.c5 Rd8 17.Qc1 d5 18.Ng3 dxe4 19.fxe4 Ng4 20.Bf4 Rxb6 21.h3 Rb7 22.hxg4 Bxa1
23.Qxa1 Qxc5+ 24.Kh2 Qd4 25.Qc1 Ne5 26.Kh3 Nd3 27.Qd2 e5 28.Be3 Qd7 29.Bf2  0-1